| 000 | 01396cam a22003857a 4500 | ||
|---|---|---|---|
| 003 | CHAP | ||
| 005 | 20220329142349.0 | ||
| 008 | 000929d2000 us r 00110 eng d | ||
| 010 | _a82418 | ||
| 011 | _a83390 | ||
| 035 | _a93902 | ||
| 040 | _cCHAP | ||
| 090 | _aTesis | ||
| 100 | 0 | 0 |
_aQuiroga Madrigal, Ricardo René. _993500 |
| 245 | 1 | 0 |
_aEffects of maize (Zea mays L.) cropping systems and tropical lengumes on soil chemical and biochemical properties and suppressiveness to soilborne plant pathogens _c/por Ricardo R. Quiroga-Madrigal |
| 260 |
_aAuburn, Alabama : _bEl autor, _c2000 |
||
| 300 |
_a46 h. : _btablas |
||
| 502 | _aTesis (Doctor of Philosophy) -- Auburn University | ||
| 590 |
_aALEPH _b10 _c20130110 _lUCH01 _h1437 |
||
| 590 |
_aBATCH-UPD _b10 _c20130110 _lUCH01 _h0300 |
||
| 590 |
_aBATCH-UPD _b10 _c20130110 _lUCH01 _h1544 |
||
| 590 |
_aBATCH-UPD _b10 _c20130409 _lUCH01 _h2332 |
||
| 590 |
_aBATCH-UPD _b10 _c20130914 _lUCH01 _h1719 |
||
| 590 |
_aCONVERSION _b10 _c20130109 _lUCH01 _h1346 |
||
| 650 |
_aLegumbres _xSiembra _965783 |
||
| 650 | 1 | 4 |
_aMaíz _xEnfermedades. _970939 |
| 650 | 1 | 4 |
_aMaíz _xSiembra. _971061 |
| 650 | 1 | 4 |
_aSistemas de cultivo. _9106746 |
| 650 | 1 | 4 |
_aSuelos _xAnálisis. _9110204 |
| 650 | 1 | 4 |
_aSuelos _xQuímica de. _9110470 |
| 901 | _aBK | ||
| 905 | _aMarco A. Mendoza T. | ||
| 942 | _cTESIS | ||
| 949 |
_bBC _cTES _d939021 _eTS1 _h36633 _i93902 _kDonaciØn _sb |
||
| 999 |
_c82418 _d82418 |
||